000 00485nam a22001577a 4500
003 URS
005 20221024152912.0
008 180108b xxu||||| |||| 00| 0 eng d
040 _curs
100 _9137
_aPadilla, Reynaldo A.,
_eauthor.
245 _aEthics
_bprinciples and analysis of contemporary moral problems: a college textbook
_cReynaldo A. Padilla
260 _aManila
_bRex Book Store
_c1993
650 0 _930
_aEthics.
700 _4author
_aPadilla, Reynaldo A
942 _2lcc
_cF
999 _c15025
_d15025